00421nam a2200145Ia 4500003000900000008004100009020002200050040001600072080001900088100002200107245007800129260004200207300001500249650001100264IN-BaIIA211028s9999 xx 000 0 eng d a978-3-527-41281-5 cIIA Library a523.64-52bMEI aMeierhenrich, Uwe 0aComets and their originbthe tools to decipher a cometcUwe Meierhenrich  aWeinheimbWiley-VCH Verlag Gmbhc2015 axxx, 320p. aComets